000 00261nam a2200109 a 4500
008 101215s1996|||| d
245 1 0 _aNahlas o Tichom Potoku z druhej strany
260 _bAFA
_aTulčík
_c1996
020 _c10
044 _axo
_cSK
041 _aslo
999 _c15271
_d15271